000
00242 a2200085 4500
020
_a
9788192473376
100
_a
Pietro Laureano
245
_a
Water Conservation Techniques in Traditional Human Settlements
260
_b
Copal Publishing Group
_c
2013
999
_c
13336
_d
13336